Peintres de jadis et d'aujourdhui / (Record no. 134196)

MARC details
000 -LEADER
campo de control de longitud fija 00696nam a2200181 i 4500
001 - NÚMERO DE CONTROL
campo de control 134196
003 - IDENTIFICADOR DE NÚMERO DE CONTROL
campo de control ES-MaACL
005 - FECHA Y HORA DE LA ÚLTIMA TRANSACCIÓN
campo de control 20230906194624.0
007 - CAMPO FIJO DE DESCRIPCIÓN FÍSICA--INFORMACIÓN GENERAL
campo de control de longitud fija t|
008 - DATOS DE LONGITUD FIJA--INFORMACIÓN GENERAL
campo de control de longitud fija 070906s1903 fr ||||1| fre d
100 1# - ENTRADA PRINCIPAL--NOMBRE DE PERSONA
Nombre de persona Wyzewa, Teodor de.
9 (RLIN) 117484
245 10 - MENCIÓN DEL TÍTULO
Título Peintres de jadis et d'aujourdhui /
Mención de responsabilidad, etc. Teodor de Wyzewa.
260 ## - PUBLICACIÓN, DISTRIBUCIÓN, ETC.
Lugar de publicación, distribución, etc. [Tours :
Nombre del editor, distribuidor, etc. Deslis freres],
Fecha de publicación, distribución, etc. 1903.
300 ## - DESCRIPCIÓN FÍSICA
Extensión 392 p. :
Otras características físicas il. ;
Dimensiones 20 cm.
505 8# - NOTA DE CONTENIDO CON FORMATO
Nota de contenido con formato Contiene: Les peintres et la vie du Christ. - La peinture primitive allemande. - La peinture suisse. - Quelques figures de femmes peintres. - Deux préraphaélites. - Puvis de Chavannes. - P.-A. Renoir
650 04 - PUNTO DE ACCESO ADICIONAL DE MATERIA--TÉRMINO DE MATERIA
Término de materia o nombre geográfico como elemento de entrada Pintura-
Subdivisión de forma Historia.
9 (RLIN) 16006
852 ## - LOCALIZACIÓN
Ubicación ES-MaACL
Número de control de estantería F-2485
Holdings
Estatus retirado Estado de pérdida Estado de daño No para préstamo Biblioteca de origen Biblioteca actual Ubicación en estantería Fecha de adquisición Fuente de adquisición Total de préstamos Signatura topográfica completa Código de barras Visto por última vez Precio de reemplazo Tipo de ítem Koha
        Biblioteca del Ateneo de Madrid Biblioteca del Ateneo de Madrid Depósito 2 17/01/2008     F-2485 1139689 23/02/2023 23/02/2023 Libro impreso